| 000 -LEADER |
| fixed length control field |
00314 a2200097 4500 |
| 100 1# - MAIN ENTRY--PERSONAL NAME |
| Personal name |
Golovansnko, S.A.. |
| Relator term |
Autor |
| 245 0# - TITLE STATEMENT |
| Title |
Proizvodstvo bimetallov / |
| Statement of responsibility, etc |
Golovansnko S.A., Meangrov L.V.. |
| 260 ## - PUBLICATION, DISTRIBUTION, ETC. (IMPRINT) |
| Place of publication, distribution, etc |
Moskva : |
| Name of publisher, distributor, etc |
Metallurgija, |
| Date of publication, distribution, etc |
1966. |
| 300 ## - PHYSICAL DESCRIPTION |
| Extent |
303 s.; |
| Dimensions |
24 cm. |
| 700 1# - ADDED ENTRY--PERSONAL NAME |
| Personal name |
Meangrov, L.V.. |
| Relator term |
Autor |
| 710 2# - ADDED ENTRY--CORPORATE NAME |
| Corporate name or jurisdiction name as entry element |
Metallurgija. |
| Relator term |
Wydawca |
| Relator code |
pbl |